<?xml version="1.0" encoding="UTF-8"?>
<record
    xmlns:xsi="http://www.w3.org/2001/XMLSchema-instance"
    xsi:schemaLocation="http://www.loc.gov/MARC21/slim http://www.loc.gov/standards/marcxml/schema/MARC21slim.xsd"
    xmlns="http://www.loc.gov/MARC21/slim">

  <leader>00886nam a22002057a 4500</leader>
  <datafield tag="999" ind1=" " ind2=" ">
    <subfield code="c">62526</subfield>
    <subfield code="d">62526</subfield>
  </datafield>
  <controlfield tag="005">20241128160116.0</controlfield>
  <controlfield tag="008">241128s2015    ru ||||| |||| 00| 0 rus d</controlfield>
  <datafield tag="020" ind1=" " ind2=" ">
    <subfield code="a">9785000575291X</subfield>
  </datafield>
  <datafield tag="041" ind1=" " ind2=" ">
    <subfield code="a">rus</subfield>
  </datafield>
  <datafield tag="080" ind1=" " ind2=" ">
    <subfield code="a">159 M-60</subfield>
  </datafield>
  <datafield tag="100" ind1=" " ind2=" ">
    <subfield code="a">&#x41C;&#x438;&#x43B;&#x43B;&#x435;&#x440;  &#x414;&#x436;&#x43E;&#x43D;</subfield>
    <subfield code="e">A&#x432;&#x442;&#x43E;&#x440;</subfield>
    <subfield code="9">23824</subfield>
  </datafield>
  <datafield tag="245" ind1=" " ind2=" ">
    <subfield code="a">5 &#x43F;&#x440;&#x438;&#x43D;&#x446;&#x438;&#x43F;&#x43E;&#x432; &#x43F;&#x440;&#x43E;&#x430;&#x43A;&#x442;&#x438;&#x432;&#x43D;&#x43E;&#x433;&#x43E; &#x43C;&#x44B;&#x448;&#x43B;&#x435;&#x43D;&#x438;&#x44F; /</subfield>
    <subfield code="c">&#x414;&#x436;&#x43E;&#x43D; &#x41C;&#x438;&#x43B;&#x43B;&#x435;&#x440;, &#x43F;&#x435;&#x440;. &#x441; &#x430;&#x43D;&#x433;. &#x415;&#x43B;&#x435;&#x43D;&#x44B; &#x411;&#x443;&#x437;&#x43D;&#x438;&#x43A;&#x43E;&#x432;&#x43E;&#x439;</subfield>
  </datafield>
  <datafield tag="264" ind1=" " ind2=" ">
    <subfield code="a">&#x41C;&#x43E;&#x441;&#x43A;&#x432;&#x430; :</subfield>
    <subfield code="b"> &#x41C;&#x430;&#x43D;&#x43D; &#x418;&#x432;&#x430;&#x43D;&#x43E;&#x432; &#x438; &#x424;&#x435;&#x440;&#x431;&#x435;&#x440;,</subfield>
    <subfield code="c">2015.</subfield>
  </datafield>
  <datafield tag="300" ind1=" " ind2=" ">
    <subfield code="a">144 &#x441;&#x442;&#x440;.:</subfield>
    <subfield code="b">22 cm.</subfield>
  </datafield>
  <datafield tag="653" ind1=" " ind2=" ">
    <subfield code="a">5 &#x43F;&#x440;&#x438;&#x43D;&#x446;&#x438;&#x43F;&#x43E;&#x432; &#x43F;&#x440;&#x43E;&#x430;&#x43A;&#x442;&#x438;&#x432;&#x43D;&#x43E;&#x433;&#x43E; &#x43C;&#x44B;&#x448;&#x43B;&#x435;&#x43D;&#x438;&#x44F;</subfield>
  </datafield>
  <datafield tag="653" ind1=" " ind2=" ">
    <subfield code="a">&#x10DE;&#x10E0;&#x10DD;&#x10D0;&#x10E5;&#x10E2;&#x10D8;&#x10E3;&#x10DA;&#x10D8; &#x10D0;&#x10D6;&#x10E0;&#x10DD;&#x10D5;&#x10DC;&#x10D4;&#x10D1;&#x10D8;&#x10E1; 5 &#x10DE;&#x10E0;&#x10D8;&#x10DC;&#x10EA;&#x10D8;&#x10DE;&#x10D8;</subfield>
  </datafield>
  <datafield tag="653" ind1=" " ind2=" ">
    <subfield code="a">&#x10E4;&#x10E1;&#x10D8;&#x10E5;&#x10DD;&#x10DA;&#x10DD;&#x10D2;&#x10D8;&#x10D0;</subfield>
  </datafield>
  <datafield tag="700" ind1=" " ind2=" ">
    <subfield code="a">&#x411;&#x443;&#x437;&#x43D;&#x438;&#x43A;&#x43E;&#x432;&#x43E;&#x439;, &#x415;&#x43B;&#x435;&#x43D;&#x44B; </subfield>
    <subfield code="e">&#x10DB;&#x10D7;&#x10D0;&#x10E0;&#x10D2;&#x10DB;&#x10DC;&#x10D4;&#x10DA;&#x10D8;</subfield>
    <subfield code="9">23825</subfield>
  </datafield>
  <datafield tag="942" ind1=" " ind2=" ">
    <subfield code="2">udc</subfield>
    <subfield code="c">BK</subfield>
  </datafield>
  <datafield tag="952" ind1=" " ind2=" ">
    <subfield code="0">0</subfield>
    <subfield code="1">0</subfield>
    <subfield code="2">udc</subfield>
    <subfield code="4">0</subfield>
    <subfield code="6">1599_M60</subfield>
    <subfield code="7">0</subfield>
    <subfield code="9">101304</subfield>
    <subfield code="a">CPL</subfield>
    <subfield code="b">CPL</subfield>
    <subfield code="c">GEN</subfield>
    <subfield code="d">2024-11-28</subfield>
    <subfield code="g">171.00</subfield>
    <subfield code="o">159.9 M-60</subfield>
    <subfield code="p">69885</subfield>
    <subfield code="r">2024-11-28</subfield>
    <subfield code="t">69885</subfield>
    <subfield code="w">2024-11-28</subfield>
    <subfield code="y">BK</subfield>
    <subfield code="z">171.00</subfield>
  </datafield>
</record>
